00711nam a2200181Ia 4500001001000000003000500010008004100015010001100056040000900067100004100076245018100117260003500298300001000333502008700343650001800430650002800448710005300476Para_1338CHAP220125s1998 xx 000 0 und d a200046 cCHAP aVieyra Santamaría, Isaac Joaquín aEvaluación en invernadero del efecto alelopático de seis pajas usadas como mantillo en el sistema de labranza de conservación /c por Isaac Joaquín Vieyra Santamaría aChapingo, Méx. :b El autor a39 h. aTesis (Ing. Agr. Esp. en Parasitología Agrícola), UACh. Depto. Parasitología aAlelopatía  aPlantas x competencia aUACh. Departamento de Parasitología Agrícola